Central Library OPAC University of Rajshahi

The new unionism / (Record no. 46251)

MARC details
000 -LEADER
fixed length control field 00922nam a2200301 a 4500
001 - CONTROL NUMBER
control field 46251
003 - CONTROL NUMBER IDENTIFIER
rucl marc code BD-RjUL
005 - DATE AND TIME OF LATEST TRANSACTION
control field 20211209054127.0
008 - FIXED-LENGTH DATA ELEMENTS--GENERAL INFORMATION
fixed length control field 160801s1935 enk 00110 eng
035 ## - SYSTEM CONTROL NUMBER
System control number (BD-RjUL)46369
System control number (BD-RjUL)
System control number 1667177
040 ## - CATALOGING SOURCE
Original cataloging agency BD-RjUL
Language of cataloging eng
Transcribing agency BD-RjUL
041 ## - LANGUAGE CODE
Language code of text/sound track or separate title eng
082 0# - DEWEY DECIMAL CLASSIFICATION NUMBER
Classification number 342.42
Author mark and year PON 1935
100 1# - MAIN ENTRY--PERSONAL NAME
Personal name Porteous, James A. A.
Fuller form of name (.ames Archibald Asbury),
Dates associated with a name 1902-
9 (RLIN) 141270
245 14 - TITLE STATEMENT
Title The new unionism /
Statement of responsibility, etc. James A. A. Porteous.
260 ## - PUBLICATION, DISTRIBUTION, ETC. (IMPRINT)
Place of publication, distribution, etc. London :
Name of publisher, distributor, etc. G. Allen & Unwin ltd.,
Date of publication, distribution, etc. 1935
300 ## - PHYSICAL DESCRIPTION
Pagination 639 p. ;
Size 23 cm.
500 ## - GENERAL NOTE
General note Includes index
650 #0 - SUBJECT ADDED ENTRY--TOPICAL TERM
Topical term or geographic name as entry element Socialism.
9 (RLIN) 141271
Topical term or geographic name as entry element Capitalism.
9 (RLIN) 141272
651 #0 - SUBJECT ADDED ENTRY--GEOGRAPHIC NAME
Geographic name Great Britain
General subdivision Politics and government.
9 (RLIN) 141273
Geographic name Great Britain
General subdivision Economic policy.
9 (RLIN) 141274
Geographic name Great Britain
General subdivision Economic conditions
Chronological subdivision 1918-1945.
9 (RLIN) 139171
942 ## - ADDED ENTRY ELEMENTS (KOHA)
Source of classification or shelving scheme Dewey Decimal Classification
Koha item type Books
Holdings
Lost status Source of classification or shelving scheme Damaged status Not for loan Collection code Permanent Location Current Location Shelving location Date acquired Source of acquisition Cost, normal purchase price Total Checkouts Full call number Date last seen Copy number Koha item type
  Dewey Decimal Classification     Non-fiction Central Library, University of Rajshahi Central Library, University of Rajshahi   26/08/1961 Anwar Iqbal, Karachi 18.00   342.42 PON 1935 01/08/2016 C-2 Books